Responses for Show #1594 - Thursday, July 4, 1991

Missing prizes.

Contestants

[<< previous game]

David Pollack, a psychologist from Walnut Creek, California

Jeb Boasberg, a law clerk originally from Washington, D.C.

Molly Redfield, a Ph.D. candidate from Claremont, California (whose 2-day cash winnings total $20,300)

[next game >>]

Jeopardy! Round responses

WORLD GEOGRAPHY
ROCK LYRICS
SICKNESS & HEALTH
HODGEPODGE
TRANSPORTATION
THE ROYAL FAMILY
    $100 17
Quebec

David
    $100 21
a dog

Molly
    $100 1
the stomach

Molly
    $100 11
Mickey Mouse

Molly
    $100 26
(Alex: Minute to go!)

a rickshaw

David
    $100 6
The Duke of Windsor

Molly
    $200 16
Antarctica

Molly
    $200 22
the "Crocodile Rock"

David
    $200 2
a lung

David
    $200 12
Einstein

Jeb
    $200 29
a gondola

David
    $200 7
The Duchess of York

Molly
    $300 18
the Sudan

David
    $300 23
Little Red Riding Hood

Molly
    $300 3
blood pressure

David
    $300 13
(Thomas) Sumter

Molly
    $300 30
a limousine

Molly
    $300 8
Catholicism

Jeb
    $400 19
Liberia

Triple Stumper
    $400 24
"What's Your Name?"

Triple Stumper
    $400 4
jaundice

Molly
    $400 14
Gore Vidal

David
    $400 27
a balloon

David
    $400 9
Prince Edward

Molly
    $500 20
The Philippines

Molly
    $500 25
"The Devil In Disguise"

David
    $500 5
(Alex: Molly?)
(Molly: Sorry.)
(Alex: Drawing a blank?)
(Molly: Yes I am.)
(Alex: That's unfortunate.)

endocrinology

Molly
    $500 15
(Alex: The man's name is [*], hence Mount [**].)

Edward Vernon

Triple Stumper
    $500 28
3

David
    $500 10
Princess Beatrice

Molly

Scores at the first commercial break (after clue 15):

Molly Jeb David
$1,600 $500 $900

Scores at the end of the Jeopardy! Round:

Molly Jeb David
$3,000 $500 $3,200

Double Jeopardy! Round responses

MYTHOLOGY
U.S. HISTORY
FAMOUS QUOTES
INSECTS
THE CALENDAR
LITERARY SUBTITLES
    $200 8
Hercules

David
    $200 1
(Robert) Fulton

Molly
    $200 21
a depression

Molly
    $200 26
a termite

Molly
    $200 7
the sun and the moon

Molly
    $200 2
Ben-Hur

Molly
    $400 9
Pan

Molly
    $400 17
(David: What is the gold standard?)

Fort Knox

MollyDavid
    $400 22
Yogi Berra

Jeb
    $400 27
the antennae

Molly
    $400 13
5

Molly
    $400 3
Frankenstein

Molly
    $2,000 10
Aphrodite

Molly
    $600 18
the Sherman Anti-Trust Act

Molly
    $600 23
[Note: Alex reads the clue in his best Mae West voice.]

Mae West

Jeb
    $600 28
six feet

Molly
    $600 14
Islam

Molly
    $600 4
Disraeli

Molly
    $800 11
Ajax

Molly
    $800 19
Taft

Molly
    $800 24
(Alex: That's right. Flag waver.)

George M. Cohan

Molly
    $800 29
a stag beetle

Molly
    $800 15
June

Triple Stumper
    $800 5
Vanity Fair

Jeb
    $1000 12
[NOTE: Alex indicates either of two pronunciations -- "gay-uh" or "gee-uh" -- would be acceptable.]

Gaia (Gaea)

Molly
    $1000 20
Dumbarton Oaks

David
    $1000 25
(Molly: What is fair dealing?)

plain dealing

MollyJeb
    $1000 30
wings

David
    $3,000 16
(Molly: What is Lent?)
...
(Alex: Ooh, no. You're in the right time of the year, of course...)
(Molly: [*].)
(Alex: ...but [*], yes.)
(Molly: Too bad.)
(Alex: Lent depends on [*].)

Easter

Molly
    $1000 6
Joseph Conrad

Jeb

Scores at the end of the Double Jeopardy! Round:

Molly Jeb David
$10,600 $4,300 $5,000
(lock game)

[wagering suggestions for these scores]

Final Jeopardy! Round responses

THE SILENT SCREEN
JebWhat is
$200
DavidWhat is "It"
$4,900
MollyWhat is It?
$500
It

Final scores:

Molly Jeb David
$11,100 $4,100 $9,900
3-day champion: $31,400 3rd place: n/a 2nd place: n/a

Game dynamics:

Coryat scores:

Molly Jeb David
$12,700 $4,300 $5,000
33 R
(including 1 DD),
3 W
(including 2 DDs)
7 R,
0 W
14 R,
1 W

Combined Coryat: $22,000

[game clues] [game scores] [suggest correction]

Game tape date: 1991-03-19
The J! Archive is created by fans, for fans. Scraping, republication, monetization, and malicious use prohibited; this site may use cookies and collect identifying information. See terms. The Jeopardy! game show and all elements thereof, including but not limited to copyright and trademark thereto, are the property of Jeopardy Productions, Inc. and are protected under law. This website is not affiliated with, sponsored by, or operated by Jeopardy Productions, Inc. Join the discussion at JBoard.tv.